| 000 | 00525nam a2200169 i 4500 | ||
|---|---|---|---|
| 001 | 38374 | ||
| 003 | ES-MaACL | ||
| 005 | 20230906155739.0 | ||
| 007 | t| | ||
| 008 | 030225s1967 sp ||||1| spa d | ||
| 100 | 1 |
_aBurnet, Macfarlane. _932733 |
|
| 245 | 1 | 0 |
_aHistoria de las enfermedades infecciosas / _cM. Burnet ; [traducción: María Soledad García]. |
| 260 |
_aMadrid : _bAlianza, _c[1967] |
||
| 300 |
_a378 p. : _bil. ; _c18 cm. |
||
| 700 | 1 |
_aGarcía, María Soledad. _954075 |
|
| 852 |
_aES-MaACL _jC-32517 _bR.62474 |
||
| 999 |
_c38374 _d38374 |
||